An introduction to electrical engineering, (Record no. 545417)

000 -LEADER
fixed length control field 00475cam a2200157u 4500
082 ## - DEWEY DECIMAL CLASSIFICATION NUMBER
Classification number 621.3
Author Mark MAR
-- L-9, P-1
100 1# - MAIN ENTRY--PERSONAL NAME
Personal name Marchant, Edgar Walford,
9 (RLIN) 41253
245 03 - TITLE STATEMENT
Title An introduction to electrical engineering,
250 ## - EDITION STATEMENT
Edition statement 2nd ed.
260 ## - PUBLICATION, DISTRIBUTION, ETC.
Place of publication, distribution, etc. London,
Name of publisher, distributor, etc. Methuen & co., ltd.
Date of publication, distribution, etc. [1939]
300 ## - PHYSICAL DESCRIPTION
Extent xii p., 1 l.,
Other physical details 297, [1] p. diagrs.
Dimensions 23 cm.
526 ## - STUDY PROGRAM INFORMATION NOTE
Program name 0
Interest level 0
Reading level 0
Title point value 621_300000000000000_MAR
650 #0 - SUBJECT ADDED ENTRY--TOPICAL TERM
Topical term or geographic name entry element Electrical engineering.
650 #0 - SUBJECT ADDED ENTRY--TOPICAL TERM
Topical term or geographic name entry element MCE
9 (RLIN) 379
942 ## - ADDED ENTRY ELEMENTS (KOHA)
Source of classification or shelving scheme
Koha item type Book
Holdings
Withdrawn status Lost status Source of classification or shelving scheme Damaged status Not for loan Permanent Location Current Location Date acquired Total Checkouts Full call number Barcode Date last seen Price effective from Koha item type
          Military College of Engineering (MCE) Military College of Engineering (MCE) 05/22/2014   621.3 MAR MCE-30478 05/22/2014 05/22/2014 Book
© 2023 Central Library, National University of Sciences and Technology. All Rights Reserved.